1658 1707 1886 1686 1391 1452 1537 1941 1607 1629 1624 1359 1263 1160 1347 1921 1682 1296 1883 1835 1783 1055 1957 1777 1450 1578 1740 1826 1611 1613 1805 1963 1162 1053 1240 1318 1174 1343 1370 1694 1526 1893 1209 1267 1705 1779 1415 1996 1001 1622 1938 1265 1313 1242 1729 1502 1208 1519 1113 1238 1668 1326 1760 1660 1372 1002 1221 1421 1876 1217 1600 1858 1113 1226 1164 1044 1482 1915 1693 1002 1857 1375 1272 1613 1459 1752 1549 1868 1988 1890 1558 1984 1304 1282 1474 1063 1289 1409 1234 BCNSPRNW ULIB Ver.6.0+V

เปลี่ยนเป็นภาษาไทย

Change to English
 แสดงรายละเอียดบรรณานุกรม
  กลับหน้าหลัก

Brief Record : Get Marc (ISO 2709) : E-mail record : QR code < ปิดหน้าต่าง
LEADER : 00000nam 2200000uu 4500
001    13399112860
003     ULIB
008    110914s2551||||th 000 0 tha d
020    9789740434320
090    นว.^bO983ป 2551
100 0  Oresia
245     ปรากฎการณ์รักหมดหัวใจ/^cOresia
250    พิมพ์ครั้งที่ 1
260    กรุงเทพฯ :^bแจ่มใส,^c2551
300    287 หน้า
710 1  แจ่มใส
945    ^p199^l0^i15030
995    กัณชพร
999     ^aใช้งานได้ทุกระบบ
รายการนี้ยังไม่มีแท็ก
คุณยังไม่ได้ล็อกอิน คุณสามารถมีกิจกรรมร่วมกับเว็บไซต์ได้ แต่ต้องล็อกอินก่อน ::
  ล็อกอิน

รายการสื่อสารสนเทศ

ลำดับที่ ประเภท เลขเรียก/บาร์โค้ด สถานที่ สถานะ
1. นวนิยาย
นวนิยาย
นว. O983ป 2551  
  Barcode: 15030
ห้องสมุดวิทยาเขตสวรรค์ประชารักษ์
►นวนิยาย
บนชั้น
  ขอยืม

รายการใกล้เคียง
    ผู้แต่ง [Oresia]

BibComment


ยังไม่เคยถูกคอมเมนท์

คอมเมนท์ทรัพยากรรายการนี้
  คอมเมนท์: ปรากฎการณ์รักหมด..


 Copyright 2026. Bcnsprnw @Library